ARRUPE JESUIT UNIVERSITY

CORONAVIRUS -STOP THE SPREAD - CLEAN,DISINFECT,COVER

Problèmes kantiens. (Record no. 128222)

MARC details
000 -LEADER
fixed length control field 00796cam a22002651 4500
001 - CONTROL NUMBER
control field 7098376
003 - CONTROL NUMBER IDENTIFIER
control field ARRUPE
005 - DATE AND TIME OF LATEST TRANSACTION
control field 20180920153409.0
008 - FIXED-LENGTH DATA ELEMENTS--GENERAL INFORMATION
fixed length control field 770107t19701963fr 000 0 fre
010 ## - LIBRARY OF CONGRESS CONTROL NUMBER
LC control number 70520894
035 ## - SYSTEM CONTROL NUMBER
System control number (OCoLC)2666281
040 ## - CATALOGING SOURCE
Original cataloging agency DLC
Transcribing agency NNU
Modifying agency OCoLC
-- DLC
042 ## - AUTHENTICATION CODE
Authentication code premarc
050 00 - LIBRARY OF CONGRESS CALL NUMBER
Classification number B2798
Item number .W47 1970
300 ## - PHYSICAL DESCRIPTION
Dimensions 22 cm.
100 1# - MAIN ENTRY--PERSONAL NAME
Personal name Weil, Eric.
9 (RLIN) 4712
245 10 - TITLE STATEMENT
Title Problèmes kantiens.
250 ## - EDITION STATEMENT
Edition statement 2nd. rev ed.
260 ## - PUBLICATION, DISTRIBUTION, ETC. (IMPRINT)
Place of publication, distribution, etc Paris,
Name of publisher, distributor, etc J. Vrin,
Date of publication, distribution, etc 1970 [c1963]
300 ## - PHYSICAL DESCRIPTION
Extent 174 p.
490 0# - SERIES STATEMENT
Series statement Problèmes et controverses
504 ## - BIBLIOGRAPHY, ETC. NOTE
Bibliography, etc Includes bibliographical references.
600 10 - SUBJECT ADDED ENTRY--PERSONAL NAME
Personal name Kant, Immanuel,
Dates associated with a name 1724-1804.
9 (RLIN) 42433
906 ## - LOCAL DATA ELEMENT F, LDF (RLIN)
a 7
b cbc
c oclcrpl
d u
e ncip
f 19
g y-gencatlg
942 ## - ADDED ENTRY ELEMENTS (KOHA)
Source of classification or shelving scheme Library of Congress Classification
Koha item type Monograph ( Printed materials)
Holdings
Withdrawn status Lost status Source of classification or shelving scheme Damaged status Not for loan Home library Current library Date acquired Total Checkouts Full call number Barcode Date last seen Price effective from Koha item type
    Library of Congress Classification     ARRUPE LIBRARY ARRUPE LIBRARY 20/09/2018   B2798 .W47 1970 46600002047 20/09/2018 20/09/2018 Monograph ( Printed materials)

 

Arrupe Library. PO Box MP320 Mt Pleasant, Harare, Zimbabwe
263 242 745411|librarian@aju.ac.zw